Matu investiga : matemática 5to. egb /
Guardado en:
| Autor Principal: | |
|---|---|
| Formato: | Libro |
| Publicado: |
Buenos Aires :
Stella,
1977
|
| Materias: | |
| Etiquetas: |
Agregar Etiqueta
Sin Etiquetas, Sea el primero en etiquetar este registro!
|
| LEADER | 00674nam a22002295a 4500 | ||
|---|---|---|---|
| 001 | CEM.cems009506 | ||
| 005 | 20080902095112.0 | ||
| 008 | 130507s1977##################000#0#####d | ||
| 003 | CEMS | ||
| 020 | |a 9505252986 | ||
| 082 | 0 | 4 | |a 372.7 |
| 100 | 1 | |a Cortés, Graciela D. de | |
| 245 | 1 | 0 | |a Matu investiga : |b matemática 5to. egb / |c Graciela D. de Cortés |
| 260 | |a Buenos Aires : |b Stella, |c 1977 | ||
| 300 | |a 255 p. | ||
| 500 | |a Para 2do. ciclo Educación General Básica | ||
| 653 | |a Matemática | ||
| 653 | |a Matemática-2do. ciclo egb | ||
| 653 | |a Cuerpos | ||
| 653 | |a Figuras | ||
| 653 | |a Medidas | ||
| 859 | |a CEMS |b BIB. CEMS - 11 de abril |h 372.7 |i C818 |p 19286.97 |t Ej.1 |v 5 |3 5 | ||
